000 00463pab a2200157 454500
008 180718b2011 xxu||||| |||| 00| 0 eng d
100 _aQuintana-Domeque, Climent
245 _aPreferences, comparative advantage, and compensating wage differentials for job routinization
260 _c2011
300 _ap.207-229.
362 _aApr
650 _aWage discrimination
773 _aOxford Bulletin of Economics and Statistics
908 _aN
909 _a92365
999 _c92365
_d92365